000 00667nam a2200229 a 4500
003 OSt
005 20210818181748.0
008 050723q2012 sp gr 000 ddspa d
020 _a9788444145846
040 _bspa
_a
041 0 _aspa
082 0 4 _a862
_bZ88d
100 1 _aZorrilla y Moral, José,
_d1817-1893.
245 1 0 _aDon Juan Tenorio
_cJosé Zorrilla
260 _aLeón [España]
_bEverest
_c2012?
300 _a454 páginas
_c21 cm
490 _aPunto de encuentro con los clásicos
650 _aTeatro español.
650 6 _aCortejo amoroso
_v Teatro.
650 _aAmor
_v Teatro.
942 _2ddc
_h862 Z88d
_k862
_mZ88d
999 _c12349
_d12349